| 000 | 00569nam a2200157Ia 4500 | ||
|---|---|---|---|
| 008 | 210716s2012 xx 000 0 und d | ||
| 020 | _a9789350386484 | ||
| 041 | _aeng | ||
| 082 | _a621.3916 GODA | ||
| 100 | _aGodse, Atul P;Godse, Deepali A. | ||
| 245 |
_aMicrocontrollers: 8051 and msp 430 microcontrollers family architecture and programming. _b8051 and msp 430 microcontrollers family architecture and programming. |
||
| 250 | _a1 | ||
| 260 |
_aNavi Mumbai _bTechnical Publications _c2012 |
||
| 300 | _axxiii,17-8 | ||
| 650 | _aMicrocontrollers & Microprocessors | ||
| 999 |
_c192885 _d192885 |
||